000 01023cam a22002653a 4500
999 _c3381
_d3381
005 20180509070530.0
008 060211s2006||||xxu|||||s|||||000 | eng d
040 _cAPEC Schools Library
_erda
041 _aeng
100 1 _aMachiavelli, Niccolò,
_d1469-1527
245 1 4 _aThe Prince /
_cNiccolò Machiavelli
336 _2rdacontent
_atext
337 _2rdamedia
_acomputer
338 _2rdacarrier
_aonline resource
505 0 _aThe Prince -- Description of the methods adopted by the Duke Valentino when murdering Vitellozzo Vitelli, Oliverotto da Fermo, the Signor Pagolo, and the Duke di Gravina Orsini -- The life of Castruccio Castracani of Lucca.
506 _aPublic domain in the USA.
516 _aText
653 _aPolitical ethics -- Early works to 1800
653 _aState, The -- Early works to 1800
653 _aPolitical science -- Philosophy -- Early works to 1800
655 _aelectronic books
856 4 0 _uhttps://goo.gl/U5kXUX
942 _2ddc
_cEBK